00574nam a2200169Ia 4500001001000000003000500010008004100015010001100056040000900067082001800076110004100094245008400135260005000219500004800269650005100317650003600368Para_7824CHAP220125s9999 xx 000 0 und d a206458 cCHAP aPA 630.72 C65 aColegio de Postgraduados (México ) aAvances en la enseñanza y la investigación /c por Colegio de Postgraduados aChapingo, Méx. :b Colegio de Postgraduados aLa biblioteca tiene: 1978; 1982; 1983; 1986 aAgricultura x estudio y enseñanzaxMéxico aAgricultura x investigación